WWE - Jeff Hardy's PPV Opponents - Statistics

General Stats
  • This quiz has been taken 816 times
  • The average score is 143 of 223
Answer Stats
Year Event Match Type Opponent % Correct
2000 No Mercy Tag Team Match Conquistador Uno
98%
1999 King of the Ring Tag Team Match Edge
98%
1999 SummerSlam Tag Team Turmoil Match Edge
98%
1999 No Mercy Tag Team Ladder Match Edge
98%
2000 No Way Out Tag Team Match Edge
98%
2000 WrestleMania 16 Triangle Ladder Match Edge
98%
2000 Insurrextion Tag Team Match Edge
98%
2000 King of the Ring 4-Team Elimination Match Edge
98%
2000 SummerSlam 3-Team TLC Match Edge
98%
2000 Unforgiven Tag Team Steel Cage Match Edge
98%
2000 Survivor Series 4 vs. 4 Elimination Match Edge
98%
2001 WrestleMania X-Seven 3-Team TLC Match Edge
98%
2001 Insurrextion 4-Team Elimination Match Edge
98%
2006 Survivor Series 5 vs. 5 Elimination Match Edge
98%
2008 Armageddon Triple Threat Match Edge
98%
2009 Royal Rumble No DQ Match Edge
98%
2009 No Way Out Elimination Chamber Match Edge
98%
2009 Judgment Day Edge
98%
2009 Extreme Rules Ladder Match Edge
98%
1999 SummerSlam Tag Team Turmoil Match Christian
94%
1999 No Mercy Tag Team Ladder Match Christian
94%
2000 No Way Out Tag Team Match Christian
94%
2000 WrestleMania 16 Triangle Ladder Match Christian
94%
2000 Insurrextion Tag Team Match Christian
94%
2000 King of the Ring 4-Team Elimination Match Christian
94%
2000 SummerSlam 3-Team TLC Match Christian
94%
2000 Unforgiven Tag Team Steel Cage Match Christian
94%
2000 Survivor Series 4 vs. 4 Elimination Match Christian
94%
2001 WrestleMania X-Seven 3-Team TLC Match Christian
94%
2001 Insurrextion 4-Team Elimination Match Christian
94%
2002 No Way Out Tag Team Turmoil Match Christian
94%
2000 No Mercy Tag Team Match Conquistador Dos
93%
2000 Backlash 6-Man Hardcore Match Matt Hardy
93%
2001 Vengeance Matt Hardy
93%
2009 WrestleMania XXV Matt Hardy
93%
2009 Backlash "I Quit" Match Matt Hardy
93%
2006 Survivor Series 5 vs. 5 Elimination Match Randy Orton
92%
2008 Royal Rumble Randy Orton
92%
2018 Backlash Randy Orton
92%
2018 Hell in a Cell Hell in a Cell Match Randy Orton
92%
2019 Elimination Chamber Elimination Chamber Match Randy Orton
92%
2021 Elimination Chamber Elimination Chamber Match Randy Orton
92%
2007 Armageddon Triple H
92%
2008 No Way Out Elimination Chamber Match Triple H
92%
2008 Unforgiven 5-Man Championship Scramble Match Triple H
92%
2008 No Mercy Triple H
92%
2008 Cyber Sunday Triple H
92%
2008 Armageddon Triple Threat Match Triple H
92%
2009 No Way Out Elimination Chamber Match Triple H
92%
2000 Royal Rumble Tag Team Tables Match D-Von Dudley
89%
2000 WrestleMania 16 Triangle Ladder Match D-Von Dudley
89%
2000 SummerSlam 3-Team TLC Match D-Von Dudley
89%
2001 WrestleMania X-Seven 3-Team TLC Match D-Von Dudley
89%
2001 Insurrextion 4-Team Elimination Match D-Von Dudley
89%
2001 Unforgiven 4-Team Elimination Match D-Von Dudley
89%
2001 Rebellion 3-Team Match D-Von Dudley
89%
2001 Survivor Series Tag Team Steel Cage Match D-Von Dudley
89%
2002 No Way Out Tag Team Turmoil Match D-Von Dudley
89%
2002 WrestleMania X8 4-Team Elimination Match D-Von Dudley
89%
2000 Royal Rumble Tag Team Tables Match Bubba Ray Dudley
88%
2000 WrestleMania 16 Triangle Ladder Match Bubba Ray Dudley
88%
2000 SummerSlam 3-Team TLC Match Bubba Ray Dudley
88%
2001 WrestleMania X-Seven 3-Team TLC Match Bubba Ray Dudley
88%
2001 Insurrextion 4-Team Elimination Match Bubba Ray Dudley
88%
2001 Unforgiven 4-Team Elimination Match Bubba Ray Dudley
88%
2001 Rebellion 3-Team Match Bubba Ray Dudley
88%
2001 Survivor Series Tag Team Steel Cage Match Bubba Ray Dudley
88%
2002 No Way Out Tag Team Turmoil Match Bubba Ray Dudley
88%
2002 WrestleMania X8 4-Team Elimination Match Bubba Ray Dudley
88%
2009 Extreme Rules CM Punk
88%
2009 The Bash CM Punk
88%
2009 Night of Champions CM Punk
88%
2009 SummerSlam TLC Match CM Punk
88%
2001 Unforgiven 4-Team Elimination Match Spike Dudley
87%
2017 WrestleMania 33 4-Team Ladder Match Sheamus
86%
2017 Payback Tag Team Match Sheamus
86%
2017 Extreme Rules Tag Team Steel Cage Match Sheamus
86%
2017 Great Balls of Fire 30-Minute Iron Man Tag Team Match Sheamus
86%
2017 WrestleMania 33 4-Team Ladder Match Cesaro
80%
2017 Payback Tag Team Match Cesaro
80%
2017 Extreme Rules Tag Team Steel Cage Match Cesaro
80%
2017 Great Balls of Fire 30-Minute Iron Man Tag Team Match Cesaro
80%
2003 No Way Out Chris Jericho
80%
2008 No Way Out Elimination Chamber Match Chris Jericho
80%
2009 No Way Out Elimination Chamber Match The Undertaker
80%
2020 Backlash Sheamus
79%
2021 Elimination Chamber Elimination Chamber Match Sheamus
79%
2021 Extreme Rules Triple Threat Match Sheamus
79%
2000 King of the Ring 4-Team Elimination Match Test
78%
2000 Fully Loaded 6-Person Mixed Tag Team Match Test
78%
2001 Unforgiven 4-Team Elimination Match The Big Show
74%
2009 No Way Out Elimination Chamber Match The Big Show
74%
2019 Elimination Chamber Elimination Chamber Match Kofi Kingston
73%
2021 Elimination Chamber Elimination Chamber Match Kofi Kingston
73%
2008 No Way Out Elimination Chamber Match Shawn Michaels
73%
2000 King of the Ring 4-Team Elimination Match Albert
72%
2000 Fully Loaded 6-Person Mixed Tag Team Match Albert
72%
2001 Invasion Hardcore Match Rob Van Dam
72%
2001 SummerSlam Ladder Match Rob Van Dam
72%
2021 Survivor Series 5 vs. 5 Elimination Match Seth Rollins
71%
2019 Elimination Chamber Elimination Chamber Match AJ Styles
70%
2020 Clash of Champions Triple Threat Ladder Match AJ Styles
70%
2021 Elimination Chamber Elimination Chamber Match AJ Styles
70%
2020 Money in the Bank: Kickoff Show Cesaro
70%
2008 No Way Out Elimination Chamber Match John Bradshaw Layfield
69%
2017 SummerSlam: Kickoff Show 6-Man Tag Team Match The Miz
69%
2018 Crown Jewel The Miz
69%
2007 The Great American Bash Umaga
68%
2007 Survivor Series 5 vs. 4 Handicap Elimination Match Umaga
68%
2008 No Way Out Elimination Chamber Match Umaga
68%
2008 One Night Stand Falls Count Anywhere Match Umaga
68%
2002 Insurrextion Tag Team Match Brock Lesnar
65%
2002 Judgment Day Tag Team Match Brock Lesnar
65%
2000 Armageddon 6-Person Mixed Tag Team Match Eddie Guerrero
64%
2018 Survivor Series 5 vs. 5 Elimination Match Bobby Lashley
61%
2021 Survivor Series 5 vs. 5 Elimination Match Bobby Lashley
61%
2007 No Way Out 6-Man Tag Team Match MVP
61%
2007 Survivor Series 5 vs. 4 Handicap Elimination Match MVP
61%
2008 Judgment Day MVP
61%
2008 SummerSlam MVP
61%
2008 Unforgiven 5-Man Championship Scramble Match MVP
61%
2020 Clash of Champions Triple Threat Ladder Match Sami Zayn
60%
2007 One Night Stand Tag Team Ladder Match Shelton Benjamin
59%
2008 Unforgiven 5-Man Championship Scramble Match Shelton Benjamin
59%
2018 Survivor Series 5 vs. 5 Elimination Match Drew McIntyre
58%
2021 Elimination Chamber Elimination Chamber Match Drew McIntyre
58%
2019 Elimination Chamber Elimination Chamber Match Daniel Bryan
57%
2017 WrestleMania 33 4-Team Ladder Match Big Cass
55%
2001 Rebellion 3-Team Match Faarooq
55%
2002 WrestleMania X8 4-Team Elimination Match Faarooq
55%
2018 Survivor Series 5 vs. 5 Elimination Match Dolph Ziggler
54%
2017 WrestleMania 33 4-Team Ladder Match Enzo Amore
54%
1999 Fully Loaded 3-on-2 Acolyte Rules Match Faarooq
54%
2017 WrestleMania 33 4-Team Ladder Match Karl Anderson
53%
2017 WrestleMania 33 4-Team Ladder Match Luke Gallows
53%
2018 Survivor Series 5 vs. 5 Elimination Match Braun Strowman
52%
2019 Elimination Chamber Elimination Chamber Match Samoa Joe
52%
2006 December To Dismember Tag Team Match Johnny Nitro
51%
2006 Armageddon 4-Team Ladder Match Johnny Nitro
51%
2007 Royal Rumble Tag Team Match Johnny Nitro
51%
2007 No Way Out 6-Man Tag Team Match Johnny Nitro
51%
2021 Survivor Series 5 vs. 5 Elimination Match Kevin Owens
51%
1999 Fully Loaded 3-on-2 Acolyte Rules Match Bradshaw
50%
2001 Rebellion 3-Team Match Bradshaw
50%
2002 WrestleMania X8 4-Team Elimination Match Bradshaw
50%
2018 Extreme Rules Shinsuke Nakamura
50%
2018 SummerSlam Shinsuke Nakamura
50%
2002 No Way Out Tag Team Turmoil Match Billy
49%
2002 WrestleMania X8 4-Team Elimination Match Billy
49%
2006 December To Dismember Tag Team Match Joey Mercury
48%
2006 Armageddon 4-Team Ladder Match Joey Mercury
48%
2007 Royal Rumble Tag Team Match Joey Mercury
48%
2007 No Way Out 6-Man Tag Team Match Joey Mercury
48%
2006 Unforgiven No DQ Match Johnny Nitro
47%
2006 Survivor Series 5 vs. 5 Elimination Match Johnny Nitro
47%
2007 New Year's Revolution Steel Cage Match Johnny Nitro
47%
2018 Survivor Series 5 vs. 5 Elimination Match Finn Balor
46%
2021 Survivor Series 5 vs. 5 Elimination Match Finn Balor
46%
2007 Survivor Series 5 vs. 4 Handicap Elimination Match Finlay
45%
2002 Vengeance William Regal
45%
2006 Armageddon 4-Team Ladder Match William Regal
45%
2007 No Mercy 6-Man Tag Team Match Mr. Kennedy
44%
2007 Cyber Sunday Mr. Kennedy
44%
2007 Survivor Series 5 vs. 4 Handicap Elimination Match Mr. Kennedy
44%
2018 Greatest Royal Rumble Jinder Mahal
43%
2001 Insurrextion 4-Team Elimination Match X-Pac
43%
2001 Judgment Day Tag Team Turmoil Match X-Pac
43%
2006 Armageddon 4-Team Ladder Match Brian Kendrick
42%
1999 Survivor Series 4 vs. 4 Elimination Match Crash Holly
42%
2000 Backlash 6-Man Hardcore Match Crash Holly
42%
1999 King of the Ring Tag Team Match Gangrel
42%
1999 Survivor Series 4 vs. 4 Elimination Match Hardcore Holly
42%
2000 Backlash 6-Man Hardcore Match Hardcore Holly
42%
2008 Unforgiven 5-Man Championship Scramble Match The Brian Kendrick
42%
2006 Cyber Sunday Carlito
41%
2001 King of the Ring X-Pac
41%
2009 No Way Out Elimination Chamber Match Vladimir Kozlov
40%
2007 One Night Stand Tag Team Ladder Match Charlie Haas
39%
2001 Unforgiven 4-Team Elimination Match Lance Storm
37%
2001 No Mercy Tag Team Match Lance Storm
37%
2002 No Way Out Tag Team Turmoil Match Lance Storm
37%
2002 Survivor Series 6-Man Elimination Tables Match Rico
37%
2000 Fully Loaded 6-Person Mixed Tag Team Match Trish Stratus
36%
2007 Survivor Series 5 vs. 4 Handicap Elimination Match Big Daddy V
35%
2006 Survivor Series 5 vs. 5 Elimination Match Mike Knox
35%
2006 Armageddon 4-Team Ladder Match Paul London
34%
1999 Survivor Series 4 vs. 4 Elimination Match Scotty 2 Hotty
34%
2000 King of the Ring 4-Team Elimination Match Scotty 2 Hotty
34%
2002 No Way Out Tag Team Turmoil Match Chuck
33%
2002 WrestleMania X8 4-Team Elimination Match Chuck
33%
2001 Unforgiven 4-Team Elimination Match The Hurricane
33%
2001 No Mercy Tag Team Match The Hurricane
33%
2017 SummerSlam: Kickoff Show 6-Man Tag Team Match Bo Dallas
31%
2017 SummerSlam: Kickoff Show 6-Man Tag Team Match Curtis Axel
31%
2021 Extreme Rules Triple Threat Match Damian Priest
30%
1999 Survivor Series 4 vs. 4 Elimination Match Grandmaster Sexay
30%
2000 King of the Ring 4-Team Elimination Match Grandmaster Sexay
30%
2000 Armageddon 6-Person Mixed Tag Team Match Dean Malenko
28%
2000 Armageddon 6-Person Mixed Tag Team Match Perry Saturn
28%
2007 Backlash Tag Team Match Lance Cade
27%
2007 Judgment Day Tag Team Match Lance Cade
27%
2007 Vengeance: Night of Champions Tag Team Match Lance Cade
27%
2007 No Mercy 6-Man Tag Team Match Lance Cade
27%
2000 Backlash 6-Man Hardcore Match Perry Saturn
27%
2007 Backlash Tag Team Match Trevor Murdoch
27%
2007 Judgment Day Tag Team Match Trevor Murdoch
27%
2007 Vengeance: Night of Champions Tag Team Match Trevor Murdoch
27%
2007 No Mercy 6-Man Tag Team Match Trevor Murdoch
27%
2002 Survivor Series 6-Man Elimination Tables Match Rosey
26%
2000 Backlash 6-Man Hardcore Match Tazz
26%
2021 Survivor Series 5 vs. 5 Elimination Match Austin Theory
23%
2002 Survivor Series 6-Man Elimination Tables Match Jamal
23%
2002 Judgment Day Tag Team Match Paul Heyman
23%
2006 Armageddon 4-Team Ladder Match Dave Taylor
21%
2006 Survivor Series 5 vs. 5 Elimination Match Gregory Helms
20%
2020 Hell in a Cell Elias
19%
2000 Survivor Series 4 vs. 4 Elimination Match Bull Buchanan
18%
2000 Rebellion Tag Team Match Bull Buchanan
18%
2001 Insurrextion 4-Team Elimination Match Justin Credible
18%
2001 Judgment Day Tag Team Turmoil Match Justin Credible
18%
2000 Survivor Series 4 vs. 4 Elimination Match The Goodfather
16%
2000 Rebellion Tag Team Match The Goodfather
16%
2002 Insurrextion Tag Team Match Shawn Stasiak
13%
No matching quizzes found
Score Distribution
Percent of People with Each Score
Percentile by Number Answered
Your Score History
You have not taken this quiz